000 00332 a2200145 4500
001 71172
020 _a
040 _cAnchieta - Colégio São Paulo
240 1 0 _aAs roupas novas do Imperador
_lpor
245 1 0 _aAs roupas novas do Imperador
300 _a16
362 0 _a0
650 4 _aLiteratura infanto-juvenil
942 _cBK
999 _c71172
_d71172